Ч. 1; Материаловедение в схемах-конспектах

Библиографические подробности
Источник:Материаловедение в схемах-конспектах: учебное пособие/ И. Ю. Ульянина; Московский государственный индустриальный университет, Институт дистанционного образования. Ч. 1.— 3-е изд., стер..— , 2006.— 5-276-00852-3
Примечания:Курс представлен в виде логических схем, где материал расположен в порядке увеличения сложности вопросов и изучаемых тем. Учебное пособие является дополнительным материалом к лекционному курсу по данной дисциплине при сокращенном количестве аудиторных часов. Предназначено для студентов инженерных специальностей.
Язык:русский
Опубликовано: 2006
Предметы:
Формат: Книга
Запись в KOHA:https://koha.lib.tpu.ru/cgi-bin/koha/opac-detail.pl?biblionumber=119010

MARC

LEADER 00000nam2a2200000 4500
001 119010
005 20231031124406.0
010 |a 527600854X 
035 |a (RuTPU)RU\TPU\book\128784 
090 |a 119010 
100 |a 20070621d2006 m y0rusy50 ca 
101 0 |a rus 
102 |a RU 
105 |a a j 001zy 
200 0 |a Ч. 1 
210 |d 2006 
215 |a 113 с.  |c ил. 
320 |a Библиогр.: с. 112. 
330 |a Курс представлен в виде логических схем, где материал расположен в порядке увеличения сложности вопросов и изучаемых тем. Учебное пособие является дополнительным материалом к лекционному курсу по данной дисциплине при сокращенном количестве аудиторных часов. Предназначено для студентов инженерных специальностей. 
461 1 |0 (RuTPU)RU\TPU\book\126788  |y 5-276-00852-3  |t Материаловедение в схемах-конспектах  |o учебное пособие  |f И. Ю. Ульянина  |g Московский государственный индустриальный университет, Институт дистанционного образования  |v Ч. 1  |e 3-е изд., стер.  |d 2006 
610 1 |a материаловедение 
610 1 |a материалы 
610 1 |a атомно-кристаллическое строение 
610 1 |a металлы 
610 1 |a металлические слитки 
610 1 |a кристаллизация 
610 1 |a металлические сплавы 
610 1 |a фазы 
610 1 |a деформация 
610 1 |a разрушение 
610 1 |a механические свойства 
610 1 |a нагрев 
610 1 |a влияние 
610 1 |a железо-углерод 
610 1 |a диаграммы состояний 
610 1 |a метастабильные диаграммы 
610 1 |a легирующие элементы 
610 1 |a графит 
610 1 |a чугун 
610 1 |a химико-термическая обработка 
610 1 |a термическая обработка 
610 1 |a фазовые превращения 
610 1 |a непрерывное охлаждение 
610 1 |a схемы 
610 1 |a конспекты 
610 1 |a учебные пособия 
675 |a 620.22(075.8)  |v 3 
801 1 |a RU  |b 63413507  |c 20070621  |g PSBO 
801 2 |a RU  |b 63413507  |c 20210601  |g PSBO 
942 |c BK 
959 |a 47/20070604  |d 3  |e 110,88  |f ЧЗТЛ:1  |f УФ:2